000 00776nam a2200229 u 4500
001 64123
005 20180714070840.0
008 160412s2010 mx a r 000 0 spa d
020 _a9786077659150
041 0 _aspa
082 0 _a610.09
_bBAR
100 1 _aBarquín Calderón, Manuel,
_eautor
245 1 0 _aHistoria gráfica de la medicina /
_cManuel Barquin Calderón; Francisco Méndez Cervantes.
250 _aSegunda edición
264 1 _aMéxico :
_bMéndez Editores, S.A. de C.V.,
_c2010
300 _axxiv; 989 páginas :
_bilustraciones ;
_c24 cm.
336 _atexto
_2rdacontent
337 _asin mediación
_2rdamedia
338 _avolumen
_2rdacarrier
650 4 _aHistoria de la medicina
700 1 _aMéndez Cervantes, Francisco,
_eautor
999 _c64123
_d64123